[Event "World Amateur-ch U1700 (Women)"]
[Site "Muscat"]
[Date "2023.11.08"]
[Round "7"]
[White "Asudani, Ruhani Raj"]
[Black "Rani, Puja"]
[Result "0-1"]
[WhiteElo "1576"]
[BlackElo "1226"]
[PlyCount "92"]
[EventDate "2023.11.02"]
[EventType "swiss"]
[EventRounds "9"]
[EventCountry "OMN"]
[SourceTitle "CB47_2023"]
[SourceDate "2023.11.22"]
[SourceVersion "1"]
[SourceVersionDate "2023.11.22"]
[SourceQuality "1"]

1. d4 d5 2. c4 dxc4 3. e3 e6 4. Bxc4 c5 5. Nf3 Nf6 6. 0-0 a6 7. a4 cxd4 8. exd4 Nc6 9. Nc3 Be7 10. Be3 0-0 11. Qd3 Na5 12. Ba2 b5 13. Rac1 Bb7 14. Nd2 Nd5 15. Nxd5 Bxd5 16. Bb1 g6 17. axb5 axb5 18. Bf4 Nc4 19. Rfe1 Bg5 20. Nxc4 bxc4 21. Qe3 Bxf4 22. Qxf4 Qb8 23. Qd2 Qb6 24. Be4 Ra2 25. Rb1 Rb8 26. Bxd5 exd5 27. Re2 Qb3 28. Qc2 Kg7 29. Qc1 c3 30. Qd1 Qxd1+ 31. Rxd1 cxb2 32. Rb1 Ra1 33. Ree1 Rxb1 34. Rxb1 Ra8 35. g4 Ra1 36. Rxa1 bxa1Q+ 37. Kg2 Qxd4 38. f3 Qe3 39. h4 d4 40. h5 d3 41. h6+ Kxh6 42. g5+ Kxg5 43. f4+ Kxf4 44. Kh1 Qe2 45. Kg1 Kg3 46. Kh1 Qg2# 0-1